ბათუმის შოთა რუსთაველის სახელმწიფო უნივერსიტეტის ბიბლიოთეკა

რჩეული თხზულებანი : (ბიბ.ჩანაწერი № 59098)

000 -ლიდერი
ფიქსირებული სიგრძის საკონტროლო ველი 01667nam a22002417a 4500
003 - საკონტროლო ნომრის იდენტიფიკატორი
საკონტროლო ველი Ge_BSU
005 - ბოლო ოპერაციის თარიღი და დრო
საკონტროლო ველი 20221124171845.0
008 - ფიქსირებული სიგრძის მონაცემთა ელემენტები - ზოგადი ინფორმაცია
ფიქსირებული სიგრძის საკონტროლო ველი 221124s1978ge xxu||||| |||| 00| 0 geo d
041 ## - ენის კოდი
Language code of text/sound track or separate title geo
080 ## - უნივერსალური ათობითი კლასიფიკაციის ინდექსი
Universal Decimal Classification number 821.112.3-3 ჰ-11
100 ## - მთავარი ჩანაწერი - პიროვნების სახელი
Personal name ჰაინე, ჰაინრიხ, ავტორი.
9 (RLIN) 16060
245 ## - ცნობა სათაურის შესახებ
Title რჩეული თხზულებანი :
Remainder of title პოეზია, პროზა /
Statement of responsibility, etc ჰაინრიხ ჰაინე ; შემდგ.-რედ. დ. ლაშქარაძე, ი. ქემერტელიძე ; წინასიტყვ. ავტ. დ. ლაშქარაძე ; მთარგმ.: ა.გელოვანი და სხვ
264 ## - წარმოების, გამოცემის, დისტრიბუციის და სხვა ცნობები
გამოცემის, წარმოების, დისტრიბუციის... ადგილი თბილისი :
გამოცემის, წარმოების, დისტრიბუციის... სახელწოდება საბჭოთა საქართველო,
გამოცემის, წარმოების, დისტრიბუციის... თარიღი 1978.
300 ## - ფიზიკური აღწერა
Extent 974 გვ. :
Other physical details 1 ფ. პორტრ. ;
Dimensions 21 სმ.
440 ## - სერიის ცნობა / დამატებულია ჩანაწერი - სათაური
Title მსოფლიო ლიტერატურის ბიბლიოთეკა ; ტ. 36. I სერია
9 (RLIN) 16061
501 ## - შენიშვნა თანმხლებ მასალაზე
With note შენიშვნები და კომენტარები: გვ. 908-958.
653 ## - INDEX TERM--UNCONTROLLED
Uncontrolled term რჩეული თხზულებანი : პოეზია, პროზა
700 ## - ADDED ENTRY--PERSONAL NAME
Personal name ლაშქარაძე, დ
Relator term შემდგენელ რედაქტორი
9 (RLIN) 14588
700 ## - ADDED ENTRY--PERSONAL NAME
Personal name ქემერტელიძე, ი
Relator term წინასიტყვაობის ავტორი
9 (RLIN) 3760
700 ## - ADDED ENTRY--PERSONAL NAME
Personal name ლაშქარაძე , დ
Relator term მთარგმნელი
9 (RLIN) 14588
700 ## - ADDED ENTRY--PERSONAL NAME
Personal name გელოვანი ა. და სხვ.
Relator term მთარგმნელი
9 (RLIN) 16062
942 ## - ADDED ENTRY ELEMENTS (KOHA)
Source of classification or shelving scheme
Koha item type წიგნი
ეგზემპლარები
ჩამოწერის სტატუსი დაკარგული ეგზემპლარის სტატუსი კლასიფიკაციის წყარო ან თაროზე გაწყობის სქემა დაზიანების სტატუსი არ გაიცემა მუდმივი მდებარეობა (დაცვის ადგილი) ამჟამინდელი ადგილსამყოფელი თაროზე განთავსების ადგილი შეძენის თარიღი ღირებულება, შესყიდვის ნორმალური ფასი სრული შენახვის შიფრი შტრიხკოდი ბოლო ოპერაციის თარიღი ეგზემპლარის მიმდევრობითი ნომერი (კეტერი?) ფასის ძალაში შესვლის თარიღი ეგზემპლარის სახეობა საჯარო შენიშვნა
          ბათუმის შოთა რუსთაველის სახელმწიფო უნივერსიტეტის მთავარი ბიბლიოთეკა ბათუმის შოთა რუსთაველის სახელმწიფო უნივერსიტეტის მთავარი ბიბლიოთეკა წიგნსაცავი 2022-11-24 10.00 821.112.3-3 ჰ-11 63166 2022-11-24 63166 2022-11-24 წიგნი 10.00